header

Raising Black students' achievement through culturally responsive teaching (Record no. 235114)

MARC details
000 -LEADER
fixed length control field 01434nam a2200337Ia 4500
082 04 - DEWEY DECIMAL CLASSIFICATION NUMBER
Classification number 371.829/9607309797
100 1# - MAIN ENTRY--AUTHOR NAME
Personal name McKinley, Johnnie.
245 10 - TITLE STATEMENT
Title Raising Black students' achievement through culturally responsive teaching
260 ## - PUBLICATION, DISTRIBUTION, ETC. (IMPRINT)
Place of publication Alexandria, Va. :
Name of publisher ASCD,
Year of publication c2010.
300 ## - PHYSICAL DESCRIPTION
Number of Pages ix, 214 p. :
Other physical details ill.
650 #0 - SUBJECT ADDED ENTRY--TOPICAL TERM
Topical Term African Americans
Topical Term Academic achievement
Topical Term Cultural awareness
856 40 - ELECTRONIC LOCATION AND ACCESS
Uniform Resource Identifier http://site.ebrary.com/lib/rucke/Doc?id=10436136

No items available.

© 2026 Rongo University
Contact us: librarian | system librarian | Rongo university